000 01302nam a2200349 i 4500
001 11992
003 KOSZ 005
005 20240405063009.0
008 091005s1967 pl a f 000 0 pol
015 _aPB 1967/4090
040 _aWA N
_cKOSZ 005/KK
_dKOSZ 005/KK
041 1 _apol
_heng
080 _a1+316:929-052A/Z](410)"18/19"
100 1 _aKasprzyk, Leszek
_d(1925- ).
245 1 0 _aSpencer /
_cLeszek Kasprzyk ; [tł. H. Krahelska].
260 _aWarszawa :
_b"Wiedza Powszechna",
_c1967.
300 _a167, [1] s. :
_bil. ;
_c18 cm.
380 _aKsiążki.
490 1 _aMyśli i Ludzie. 2: Filozofia Nowożytna i Współczesna.
500 _aNazwa tł. pod tekstem.
600 1 4 _aSpencer, Herbert
_d(1820-1903)
650 4 _aFilozofowie
_zWielka Brytania
_y19-20 w.
650 4 _aSocjolodzy
_zWielka Brytania.
648 4 _a1801-1900
648 4 _a1901-2000
655 4 _aBiografia
700 1 _aKrahelska, Halina
_d(1920-1992).
_eTłumacz
710 2 _aPaństwowe Wydawnictwo Wiedza Powszechna
_4pbl.
856 _uhttp://koha.tu.koszalin.pl/cgi-bin/koha/opac-detail.pl?biblionumber=11992
_yKatalog online BPK
830 0 _aMyśli i Ludzie.
_n2,
_pFilozofia Nowożytna i Współczesna
942 _2UKD
_cKS
999 _c11992
_d11992